000 00918nam a22002897a 4500
003 CHAP
005 20220329135525.0
008 971013s1980 r 00010 d
010 _a38037
011 _a39009
035 _a43129
040 _cCHAP
082 _a632.96
_bM55
100 0 0 _aMinks, Albert K.
_976000
245 _aIntegrated control of insect pests in the Neterlands
260 _aWageningern :
_bCentre for Agricultural Publishing and Documentation,
_c1980
300 _a304 p.
_b; gráfs
590 _aBATCH-UPD
_b10
_c20130110
_lUCH01
_h2027
590 _aBATCH-UPD
_b10
_c20130410
_lUCH01
_h1344
590 _aBATCH-UPD
_b10
_c20130914
_lUCH01
_h1046
590 _aCONVERSION
_b10
_c20130109
_lUCH01
_h1321
650 1 4 _aControl biológico de plagas.
_927587
700 0 _aGruys, P.
_950922
901 _aBK
942 _cLIBRO
949 _a632.96 M55
_bBC
_cLIBRO
_d-99018
_eLIBRO
_h56583
_i43129
_si
_t1.37
999 _c38037
_d38037